|
|
|
|
| LEADER |
00000nam a2200000Ii 4500 |
| 001 |
DIGEJTLOZ219 |
| 003 |
NyNyDIG |
| 006 |
m o d |
| 007 |
cr ||||||||||| |
| 008 |
250204s1999 ck b ob 000 0 spa d |
| 035 |
|
|
|a (OCoLC)1500527560
|
| 040 |
|
|
|a DGITA
|b eng
|e rda
|e pn
|c DGITA
|
| 020 |
|
|
|z 9789589029237
|
| 043 |
|
|
|a s-ck---
|a ncnq---
|
| 050 |
1 |
4 |
|a F2281.S15 ebook
|
| 082 |
0 |
4 |
|a 341.42
|2 23
|
| 100 |
1 |
|
|a Uribe Vargas, Diego,
|e author.
|
| 245 |
1 |
3 |
|a El meridiano 82 :
|b frontera marítima entre Colombia y Nicaragua /
|c Diego Uribe Vargas, en colaboración con Beatriz C. Gutiérrez Montes y Mario Iván Alvarez Milán.
|
| 264 |
|
1 |
|a Bogotá :
|b Editorial UTADEO,
|c [1999]
|
| 300 |
|
|
|a 1 online resource :
|b 1 map.
|
| 336 |
|
|
|a text
|b txt
|2 rdacontent
|
| 337 |
|
|
|a computer
|b c
|2 rdamedia
|
| 338 |
|
|
|a online resource
|b cr
|2 rdacarrier
|
| 347 |
|
|
|a text file
|2 rdaft
|
| 347 |
|
|
|b PDF
|
| 490 |
1 |
|
|a Colección Relaciones internacionales / Universidad de Bogotá Jorge Tadeo Lozano
|
| 504 |
|
|
|a Includes bibliographical references.
|
| 588 |
0 |
|
|a Online resource; title from PDF title page (Digitalia, viewed February 4, 2025)
|
| 651 |
|
0 |
|a Colombia
|x Boundaries
|z Nicaragua.
|
| 651 |
|
0 |
|a Nicaragua
|x Boundaries
|z Colombia.
|
| 650 |
|
0 |
|a Territorial waters
|z Colombia.
|
| 650 |
|
0 |
|a Territorial waters
|z Nicaragua.
|
| 791 |
2 |
|
|a Digitalia (Firm),
|e distributor.
|
| 793 |
0 |
|
|g Digitalia eBook Collection:
|a Editorial Jorge Tadeo Lozano
|
| 776 |
0 |
8 |
|i Print version:
|a Uribe Vargas, Diego.
|t Meridiano 82.
|b Primera edición, primera reimpresión 2002.
|d Bogotá : Editorial UTADEO, [1999]
|z 9789589029237
|
| 830 |
|
0 |
|a Relaciones internacionales (Universidad de Bogotá "Jorge Tadeo Lozano")
|
| 856 |
4 |
0 |
|3 Digitalia Hispánica
|u https://www.digitaliapublishing.com/a/170604/
|
| 910 |
|
|
|a Premium collection: 2025
|